Country Names: Click to Complete #2 - Statistics

General Stats
  • This quiz has been taken 41 times
  • The average score is 11 of 11
Answer Stats
Hint Answer % Correct
Papua New Guinea
100%
Bosnia and Herzegovina
97%
Saint Kitts and Nevis
97%
Saint Vincent and the Grenadines
97%
Republic of the Congo
97%
Federated States of Micronesia
97%
Antigua and Barbuda
95%
São Tomé and Príncipe
95%
Trinidad and Tobago
95%
Democratic Republic of the Congo
95%
Central African Republic
92%
No matching quizzes found
Score Distribution
Percent of People with Each Score
Percentile by Number Answered
Your Score History
You have not taken this quiz